<?xml version="1.0" encoding="UTF-8"?>
<record
    xmlns:xsi="http://www.w3.org/2001/XMLSchema-instance"
    xsi:schemaLocation="http://www.loc.gov/MARC21/slim http://www.loc.gov/standards/marcxml/schema/MARC21slim.xsd"
    xmlns="http://www.loc.gov/MARC21/slim">

  <leader>01794nam a2200217 i 4500</leader>
  <controlfield tag="001">94197</controlfield>
  <controlfield tag="003">ES-MaACL</controlfield>
  <controlfield tag="005">20250718153524.0</controlfield>
  <controlfield tag="007">t|</controlfield>
  <controlfield tag="008">050630s1957    po           ||||1| fre d</controlfield>
  <datafield tag="245" ind1="0" ind2="0">
    <subfield code="a">Enqu&#xEA;te sur l'anticolonialisme </subfield>
    <subfield code="b">= Inquiry on anti-colonialism /</subfield>
    <subfield code="c">Minist&#xE9;rio do ultramar, Junta de investia&#xE7;oes do Ultramar, Centro de Estudos politicos e sociais.</subfield>
  </datafield>
  <datafield tag="260" ind1=" " ind2=" ">
    <subfield code="a">[Lisboa] : </subfield>
    <subfield code="b">Junta de Investiga&#xE7;&#xF5;es do Ultramar, Centro de Estudos Pol&#xED;ticos e Sociais, </subfield>
    <subfield code="c">1957 (</subfield>
    <subfield code="f">Tip. Minerva)</subfield>
  </datafield>
  <datafield tag="300" ind1=" " ind2=" ">
    <subfield code="a">394 p. ; </subfield>
    <subfield code="c">27 cm.</subfield>
  </datafield>
  <datafield tag="490" ind1="1" ind2=" ">
    <subfield code="a">Estudos de ci&#xEA;ncias pol&#xED;ticas e sociais ; </subfield>
    <subfield code="v">2</subfield>
  </datafield>
  <datafield tag="505" ind1="8" ind2=" ">
    <subfield code="a">Contiene: Introduction, by M. M. Sarmento Rodrigues.Le mouvement d'&#xE9;mancipation dans les colonies, par J. Roussier.Les causes des mouvements d'autonomie en Afrique du Nord, par R. Le Tourneau. Las dependencias espa&#xF1;olas, por J. Cordero Torres.Developments towards self-government in dependent territories of the United States, by H. Wells.Anti-colonialism in the United States, by E. Mondlane.Self-government movements in Australia and New Zealand in the nineteenth century, C. H. Currey. The expansion of the Portuguese in the overseas in the light of modern anthropology, by J. Dias. Universal and regional organizations in Africa, by J. Moreira da Silva Cunha. The South Pacific and Australia, by A. P. Elkin.-L'&#xE9;volution politique des anciens territoires coloniaux n&#xE9;erlandais, par Van Helsdingen.Causes of the movements for autonomy and the inependence of Brazil, by H. Vianna. Anti-colonialism in the UNO, by A. Moreira.</subfield>
  </datafield>
  <datafield tag="650" ind1=" " ind2="7">
    <subfield code="a">Colonialismo</subfield>
    <subfield code="2">embne</subfield>
    <subfield code="9">11149</subfield>
  </datafield>
  <datafield tag="710" ind1="1" ind2=" ">
    <subfield code="a">Portugal. </subfield>
    <subfield code="b">Minist&#xE9;rio do Ultramar.</subfield>
    <subfield code="9">6245</subfield>
  </datafield>
  <datafield tag="830" ind1="0" ind2=" ">
    <subfield code="a">Estudos de ci&#xEA;ncias pol&#xED;ticas e sociais ; </subfield>
    <subfield code="v">2</subfield>
    <subfield code="9">232135</subfield>
  </datafield>
  <datafield tag="852" ind1=" " ind2=" ">
    <subfield code="a">ES-MaACL</subfield>
    <subfield code="j">P-776-Bis</subfield>
  </datafield>
  <datafield tag="999" ind1=" " ind2=" ">
    <subfield code="c">94197</subfield>
    <subfield code="d">94197</subfield>
  </datafield>
  <datafield tag="952" ind1=" " ind2=" ">
    <subfield code="0">0</subfield>
    <subfield code="1">0</subfield>
    <subfield code="4">0</subfield>
    <subfield code="7">0</subfield>
    <subfield code="a">ATENEOM</subfield>
    <subfield code="b">ATENEOM</subfield>
    <subfield code="c">DEPO2</subfield>
    <subfield code="d">2008-01-17</subfield>
    <subfield code="e">SC</subfield>
    <subfield code="l">0</subfield>
    <subfield code="o">P-776-Bis</subfield>
    <subfield code="p">1098383</subfield>
    <subfield code="r">2023-02-23 00:00:00</subfield>
    <subfield code="w">2023-02-23</subfield>
    <subfield code="y">MONOGRAFIA</subfield>
  </datafield>
</record>
